| 000 | 00956nam a22003137a 4500 | ||
|---|---|---|---|
| 003 | CHAP | ||
| 005 | 20220817041846.0 | ||
| 008 | 971013s1985 r 00010 d | ||
| 010 | _a26780 | ||
| 011 | _a27752 | ||
| 035 | _a31853 | ||
| 040 | _cCHAP | ||
| 090 | _aFolleto 10123 | ||
| 110 |
_aInstituto Mexicano de Comercio Exterior _959249 |
||
| 245 | _aMéxico exporta frutas frescas | ||
| 260 |
_aMéxico, D.F. : _bEl Instituto, _c1985 |
||
| 300 | _a68 p | ||
| 490 |
_aPublicación _v; 835 |
||
| 590 |
_aBATCH-UPD _b10 _c20130110 _lUCH01 _h1255 |
||
| 590 |
_aBATCH-UPD _b10 _c20130410 _lUCH01 _h0815 |
||
| 590 |
_aBATCH-UPD _b10 _c20130914 _lUCH01 _h1336 |
||
| 590 |
_aCONVERSION _b10 _c20130109 _lUCH01 _h1315 |
||
| 650 | 1 | 4 |
_aExportación e importación _zMéxico. _939119 |
| 650 | 1 | 4 |
_aFruta _xMercadeo _xMéxico. _943639 |
| 830 | 0 |
_aPublicación _v; 835 |
|
| 901 | _aBK | ||
| 942 | _cFOLL | ||
| 949 |
_aFolleto 10123 _bBC _cFOLL _d-73679 _eTS1 _i31853 _mD _si |
||
| 999 |
_c26780 _d26780 |
||